Statistics for Country Word Search #21

Click here to take the quiz!

General Stats

  • This quiz has been taken 2,593 times
    (2,359 since last reset)
  • The average score is 11 of 12

Answers on the Map

Answers color-coded by a green-red scale on the quiz's map according to % correct below.
 

Answer Stats

Country% Correct
Peru
98%
Finland
97%
Greece
96%
India
96%
Grenada
95%
Fiji
92%
Egypt
86%
Ireland
85%
Laos
84%
France
77%
Cuba
75%
Ghana
75%

Score Distribution

Percentile by Number Answered

Percent of People with Each Score

Your Score History

You have not taken this quiz since the last reset